000 00375nam a2200157Ia 4500
003 OSt
005 20260518164722.0
008 241002s9999 xx 000 0 und d
040 _cAACR2
082 _a015.5491 NAT
100 _aNational Book centre of Pakistan
245 0 _aBooks on Pakistan
260 _aKarachi:
_c1965
600 _aPakistan Studies
942 _cUC
_2ddc
999 _c18387
_d18387